00337nam a2200133Ia 4500003000400000008004100004040001600045082002100061100001800082245003900100260003900139650001500178650001000193GCL140319s9999 xx 000 0 eng d aGCL / cGCL04aCHb823.087bF A1 aFRYER, GEORGE10aWHERE'S TABITHA? / cFRYER, GEORGE a[S.N] : bPETER HODDOCK PUBLISHING04aLITERATURE04aTALES